Mikroúvery sú najmä pre začínajúcich

Činnosť Národnej agentúry pre rozvoj malého a stredného podnikania a poskytovanie mikroúverov pre začínajúcich podnikateľov. Zdroje financií. Regionálne poradenské a informačné centrá (RPIC). Podmienky poskytnutia mikroúveru, jeho výška a úroková sadzba. Doterajšie výsledky činnosti Národnej agentúr...

Ausführliche Beschreibung

Gespeichert in:
Bibliographische Detailangaben
1. Verfasser: Gossányi, Vojtech
Format: Buchkapitel
Sprache:Slowakisch
Schlagworte:
Tags: Tag hinzufügen
Keine Tags, Fügen Sie das erste Tag hinzu!

MARC

LEADER 00000naa$a2200000$$$4500
001 0029261
005 20231004125826.4
041 0 |a slo 
044 |a SK 
245 1 0 |a Mikroúvery sú najmä pre začínajúcich  |c Vojtech Gossányi 
520 |a Činnosť Národnej agentúry pre rozvoj malého a stredného podnikania a poskytovanie mikroúverov pre začínajúcich podnikateľov. Zdroje financií. Regionálne poradenské a informačné centrá (RPIC). Podmienky poskytnutia mikroúveru, jeho výška a úroková sadzba. Doterajšie výsledky činnosti Národnej agentúry pre rozvoj malého a stredného podnikania. 
610 2 0 |a podnikanie 
610 2 0 |a podnikanie malé 
610 2 0 |a podnikanie stredné 
610 2 0 |a financovanie 
610 2 0 |a zdroje finančné 
610 2 0 |a pôžičky 
610 2 0 |a splátky 
610 2 0 |a úrok 
100 1 |a Gossányi, Vojtech